000 00749nam a2200229 u 4500
005 20240228064329.0
008 180921s2010 r 000 0 eng d
020 _a9788498451962
035 _aUPN01000226790
049 _aI
050 4 _aPZ78
_bP6.2
100 1 _aPortell Rifá, Joan,
_d1965-
_942868
245 1 1 _a¡A mí no me gustan los libros! /
_cJoan Portell Rifá ; il. Oriol Hernández.
260 _aAlzira, Esp. :
_bAlgar,
_c2010.
300 _a60 p. :
_bil. col.
440 0 _aCalcetín blanco ;
_v54.
_pPrimeros lectores
534 _pTítulo original:
_tA mi no m'agraden els llibres
650 4 _aLiteratura infantil española
_95892
650 4 _aLibros y lectura para niños
_92290
905 _aInfantil
999 _c198886
_d198886